Invisible Original 13 Colonies Quiz Stats

Quiz Updated Apr 29, 2018

Challenge
Share
Tweet
Embed
Score 0/13 Timer 01:30
0 Plays Today
Colonies % Correct
New York
96.5%
Virginia
94.4%
North Carolina
90.5%
South Carolina
89.7%
Pennsylvania
89.6%
Massachusetts
89.4%
Delaware
89.1%
Rhode Island
87.6%
New Jersey
87.3%
Georgia
87.3%
Maryland
87.2%
Connecticut
85.2%
New Hampshire
84.5%

You're not logged in!

Compare scores with friends on all Sporcle quizzes.
Join for Free
OR
Log In

You Might Also Like...

Show Comments

Extras

Top Quizzes Today


Score Distribution

Your Account Isn't Verified!

In order to create a playlist on Sporcle, you need to verify the email address you used during registration. Go to your Sporcle Settings to finish the process.

Report this User

Report this user for behavior that violates our Community Guidelines.

Details: